00467nam a2200157 a 450000100100000000500170001000800410002702000150006804000250008308200150010810000310012324500360015426000370019030000200022750000620024700003645720200930075736.0120118s1975 sp 000 0 spa d a8432202827 aDO-SdBNPbspacBNPHU axxxbC117o1 aCabrera Infante, Guillermo10aO /cGuillermo Cabrera Infante. aBarcelona :bSeix Barral,c1975. a196 p ;c21 cm. aIncluye datos biográficos del autor en la contraportada